000 00619nam a2200229 i 4500
001 C2-0288376
003 PPAK
005 20180728021509.0
008 080512s2006 nyu |||| ||||| | eng d
020 _a0307263584
040 _aPPAK
_beng
_cPPAK
_erda
082 0 4 _a081
_223
090 0 0 _a081
_bREM
_dRLCK
100 1 _aRemnick, David,
_eauthor
245 1 0 _aReporting :
_bwritings froms the New Yorker
264 1 _aNew York :
_bAlfred A. Knopf ,
_c2006
300 _axii, 481 pages ;
_c24 cm
336 _2rdacontent
_atext
337 _2rdamedia
_aunmediated
338 _2rdacarrier
_avolume
942 _ddc
_cB
999 _c94003
_d94003